Akta Pemberi Pinjam Wang 1951 (Akta 400) & Peraturan-peraturan : (Hingga 20hb Jun 2006)

Bibliographic Details
Corporate Authors: Malaysia, International Law Books. Lembaga Penyelidikan Undang-Undang
Format: Book
Published: Kuala Lumpur : International Law Books , 2006
Subjects:

MARC

LEADER 00000cam a2200000 7i4500
001 0000018546
005 20070103.0
020 |a 9678915294 
040 |a INS 
090 0 0 |a KPG903.A25   |b M4 2006 
110 1 |a Malaysia 
240 2 0 |a [Akta Pemberi Pinjam Wang 1951 (Akta 400)] 
245 1 0 |a Akta Pemberi Pinjam Wang 1951 (Akta 400) & Peraturan-peraturan :   |b (Hingga 20hb Jun 2006)   |c Disusun oleh Lembaga Penyelidikan Undang-Undang 
260 |a Kuala Lumpur :   |b International Law Books ,   |c 2006 
300 |a 115 p. ;   |c 25 cm. 
650 0 0 |a Loans   |x Law and legislation   |z Malaysia 
710 1 |a International Law Books. Lembaga Penyelidikan Undang-Undang 
740 0 |a Undang-Undang Malaysia 
999 |a 0000017730   |b BOOK   |c Acts   |e Default branch